Bastien und Bastienne KV50 (Gesamtaufnahme) (Запис номер 515871)
[ съкратено ]
| 000 -Лидер | |
|---|---|
| Лидер | 01332njm a2200301 a 4500 |
| 003 - Код на организацията, давaща контролен номер | |
| Код на организацията, даваща контролен номер | BLK |
| 005 - Дата и час на последна редакция | |
| Дата и час на последна редакция | 20250301005538.0 |
| 008 - Елементи от данни с фиксирана дължина | |
| Елементи с фиксирана дължина | 180413b bul||n|| |||||||| n|bulo| |
| 028 ## - PUBLISHER NUMBER | |
| Издателски номер | 825551 |
| 040 ## - Източник на каталожния запис | |
| Код на библиотеката | BLK |
| 041 ## - Код за език | |
| Език на записа | Немски |
| Език за КДБФ | Немски |
| 080 ## - УДК | |
| УДК текст | Камерен оркестър |
| УДК код | 785.16 |
| УДК – код + определител | 785.16(086.72) |
| 100 ## - Редна дума - Автор | |
| Автор | Mozart, Wolfgang Amadeus |
| Години, свързани с автора | 1756 - 1791 |
| R(LIN) | 386874 |
| 245 ## - Сведения за заглавието | |
| Заглавие | Bastien und Bastienne KV50 (Gesamtaufnahme) |
| Подзаглавни данни | Deutsches Singspiel in einem Akt von Friedrich Wilhelm Weiskern |
| Авторска отговорност | Wolfgang Amadeus Mozart ; Kammerorchester Berlin, Dir. Helmut Koch |
| 257 ## - Страна на издаване | |
| Страна на създаване/издаване | Германия |
| 260 ## - Област на издателските данни | |
| Име на издателя | Deutsche Schallplatten |
| Място на издаване | Berlin |
| Година на издаване | 1975 |
| 9 (RLIN) | 215027 |
| 300 ## - Физическа характеристика | |
| Брой страници | 1 грамофонна плоча, двустранна |
| Илюстрации | 33 об./мин., mono |
| Размер | 30 см |
| 380 ## - Жанр | |
| Жанр | Изкуство |
| 490 ## - СЕРИИ (Колекции) | |
| Серия | Eterna |
| 9 (RLIN) | 493861 |
| 500 ## - Общи забележки | |
| Обща забележка | (01) Bastien und Bastienne 1. Teil<br/>----<br/>(01) Bastien und Bastienne 2. Teil |
| 511 ## - Забележка за участници или изпълнители | |
| Забележка за участници | Adele Stolte, Sopran<br/>(Bastienne, eine Schäferin))<br/><br/>Peter Schreier, Tenor<br/>(Bastien, ihr Geliebter)<br/><br/>Theo Adam, Baß<br/>(Colas, ein vermeintlicher Zauberer)<br/><br/>Dialogregie: Renate Thormelen<br/>Aufnahmeleitung: Dietrich Knothe<br/>Tonmeister: Claus Strüben |
| 700 1# - Други автори (авторска отговорност) | |
| Друг автор | Koch, Helmut |
| 9 (RLIN) | 15439 |
| 852 ## - Местоположение | |
| Сигнатура (форматна) | Ф ІІ 1187 |
| Отдел | Основен фонд - ползва се само за читалня |
| 942 ## - АРТИКУЛИ | |
| Вид на библиотечния документ | Грамофонни плочи |
| Скрит в OPAC | Не |
| 944 ## - СЪЗДАВАНЕ И РЕДАКЦИЯ на ЗАПИСА | |
| Дата на регистрацията/редакция | Нора Радева |
| Служител, извършил регистрацията/редакцията | |
| Създаване/Редакция | |
| Статус, дата на статуса | CRON CRON |
| 999 ## - СИСТЕМНИ КОНТРОЛНИ НОМЕРА | |
| Koha biblionumber | 515871 |
| Koha biblioitemnumber | 515871 |
| 999 ## - СИСТЕМНИ КОНТРОЛНИ НОМЕРА | |
| Koha biblioitemnumber | 515195 |
| 999 ## - СИСТЕМНИ КОНТРОЛНИ НОМЕРА | |
| Koha biblioitemnumber | 515195 |
| Код за отписване | Код за изгубен артикул | Източник на класификационната схема | Код за повреда | Коз за рестрикции | Код за отдаване | Артикулен № | Име на библиотеката - собственик | Име на библиотеката, в която се намира в момента | Статус (Текущо местоположение) | Дата на вписване в системата | Местоположение - отдел | Цена в лева | Инвентарен номер | Систематично азбучна сигнатура | Баркод | Цена в евро | Служебен тип на артикула |
|---|---|---|---|---|---|---|---|---|---|---|---|---|---|---|---|---|---|
| Не е изгубен | Universal Decimal Classification | Не е повреден | само за читалня | ползва се в читалня | 947484 | Регионална библиотека "Любен Каравелов" Русе | Регионална библиотека "Любен Каравелов" Русе | Хранилище | 2024-08-26 | Основен фонд - ползва се само за читалня | 6.00 | 11673 | Ф ІІ 1187 | 900000106923 | 3.07 | Грамофонни плочи |